000 00863nam a2200289Ia 4500
003 OSt
005 20220912150255.0
006 a|||||r|||| 00| 0
007 ta
008 220909b |||||||| |||| 00| 0 eng d
020 _a8190018167 (hbd)
024 _a1274
037 _cTextual
040 _aCSL
_beng
_cCSL
041 _aeng
082 _aLZ3(J6), P2.1
100 _aRajpal V
245 0 _aStandardization of botanicals: testing and extraction methods of medical herbs
260 _aNew Delhi
_b Eastern Publishers India
_c2002
300 _axviii, 286p.
_ccm.
500 _a Includes bibliographical reference; Appendix 1-2, 273-283p.
_ccm.; Index 284-286p.
_ccm.
650 _a Medical herbs
650 _a Pharmacology
650 _aDrugs
942 _hLZ3(J6), P2.1
_cTEXL
_2CC
999 _c43651
_d43651